Online
Catalog

Viaje pintoresco y arqueológico a la provincia de Yucatán, 1834 y 1836 / (Record no. 6332)

MARC details
000 -CABECERA
campo de control de longitud fija 01459cam a2200301 a 4500
001 - NÚMERO DE CONTROL
campo de control 000006541
005 - FECHA Y HORA DE LA ÚLTIMA TRANSACCIÓN
campo de control 20200929153940.0
008 - DATOS DE LONGITUD FIJA--INFORMACIÓN GENERAL
campo de control de longitud fija 060424s1996 mx a 000 0 spa d
020 ## - NÚMERO INTERNACIONAL ESTÁNDAR DEL LIBRO
Número Internacional Estándar del Libro 9682987342
040 ## - FUENTE DE LA CATALOGACIÓN
Centro catalogador/agencia de origen DO-SdBNP
Lengua de catalogación spa
Centro/agencia transcriptor BNPHU
041 17 - CÓDIGO DE LENGUA
Código de lengua del texto/banda sonora o título independiente spa
Código de lengua original fre
Fuente del código Código de idioma MARC
082 ## - NÚMERO DE LA CLASIFICACIÓN DECIMAL DEWEY
Número de clasificación 917.265
Número de documento/Ítem W158v
049 ## - FONDOS LOCALES (OCLC)
Fondos de biblioteca BNGR
100 1# - ENTRADA PRINCIPAL--NOMBRE DE PERSONA
Nombre de persona Waldeck, Jean Frederic Maximilien,
Fechas asociadas al nombre 1766-1875.
9 (RLIN) 18165
240 10 - TÍTULO UNIFORME
Título uniforme Viaje pintoresco y arqueológico a la provincia de Yucatán, 1834 y 1836
Lenguaje de la obra Español.
245 10 - MENCIÓN DE TÍTULO
Título Viaje pintoresco y arqueológico a la provincia de Yucatán, 1834 y 1836 /
Mención de responsabilidad, etc. Federico de Waldeck ; traducción Manuel Mestre Ghigliazza ; presentación Hernán Menéndez Rodríguez.
260 ## - PUBLICACIÓN, DISTRIBUCIÓN, ETC.
Lugar de publicación, distribución, etc. México, D. F. :
Nombre del editor, distribuidor, etc. Consejo Nacional para la Cultura y las Artes,
Fecha de publicación, distribución, etc. 1996.
300 ## - DESCRIPCIÓN FÍSICA
Extensión 270 p. :
Otras características físicas il. ;
Dimensiones 24 cm.
490 1# - MENCIÓN DE SERIE
Mención de serie Mirada viajera
500 ## - NOTA GENERAL
Nota general Incluye datos biográficos del autor en la contraportada del documento.
504 ## - NOTA DE BIBLIOGRAFÍA, ETC.
Nota de bibliografía, etc. Incluye notas y referencias bibliográficas al pie de las páginas.
534 ## - NOTA SOBRE LA VERSIÓN ORIGINAL
Encabezamiento principal del original Título en francés :
Mención de título del original Voyage pittoresque et archéorlogique dans la province d´ Yucatán (América Centrale) pendant les années 1834 et 1836.
651 #4 - PUNTO DE ACCESO ADICIONAL DE MATERIA--NOMBRE GEOGRÁFICO
Nombre geográfico Yucatán (México{Rpara}
Subdivisión general Descripciones Y Viajes
9 (RLIN) 18166
651 #4 - PUNTO DE ACCESO ADICIONAL DE MATERIA--NOMBRE GEOGRÁFICO
Nombre geográfico Yucatán (México{Rpara}
Subdivisión general Antiguedades
9 (RLIN) 18167
700 1# - PUNTO DE ACCESO ADICIONAL--NOMBRE DE PERSONA
Nombre de persona Mestre Ghigliazza, Manuel,
Fechas asociadas al nombre 1870-
Término indicativo de función/relación tr.
9 (RLIN) 18168
830 #0 - PUNTO DE ACCESO ADICIONAL DE SERIE-TÍTULO UNIFORME
Título uniforme Mirada viajera
9 (RLIN) 11996
910 ## - DATOS DE OPCIÓN DEL USUARIO (OCLC)
Datos de opción del usuario Catalogación por copia / LC
Holdings
Estado de retiro Estado de pérdida Restricciones de uso No para préstamo Código de colección Localización permanente Ubicación/localización actual Ubicación en estantería Fecha de adquisición Número de inventario Total de préstamos Signatura topográfica completa Código de barras Fecha visto por última vez Precio válido a partir de Tipo de ítem Koha
        Monografías: Libros y Folletos General General En catalogación 31.08.2009 LF1   917.265 W158v 6541-10 25.06.2020 25.06.2020 Préstamo en sala

Powered by Koha